000 00301nam a2200109Ia 4500
005 20251222114410.0
008 251222s1900||||xx |||||||||||||| ||spa||
082 _aDVD0092/S25D/2006
245 0 _aSantuario de la Virgen de Asunta.
264 _bCastillejo, Christian. Salas Delgado, Raúl.
942 _cDVD
999 _c2017
_d2017